02049nam a2200469 a 4500001001200000003000800012006001900020007001500039008004100054010001700095015001900112016001800131020003900149020001800188020001800206040002100224035002100245041001800266050002500284082001200309100003600321240004300357245024200400246004700642246002400689260003800713300002400751490005800775500007200833504006800905533015200973546003101125650003301156650005101189650004401240655002901284700001701313710001701330830008901347856012601436999001701562ebr10234936CaPaEBRm u cr cn|||||||||060927s2007 ne a sb 001 0 eng d z 2006051700 aGBA6866852bnb7 z0135737332Uk z9004153705 (hardback : alk. paper) z9789004153707 z9789047410898 aCaPaEBRcCaPaEBR a(OCoLC)5682794131 aengalathlat14aQC353b.O7413 2007eb04a5352221 aOresme, Nicole,dca. 1320-1382.10aDe visione stellarum.lEnglish & Latin10aNicole Oresme's De visione stellarum (On seeing the stars)h[electronic resource] :ba critical edition of Oresme's treatise on optics and atmospheric refraction /cwith an introduction, commentary, and English translation by Dan Burton.30aDe visione stellarum (On seeing the stars)30aOn seeing the stars aLeiden ;aBoston :bBrill,c2007. axii, 319 p. :bill.1 aMedieval and early modern science,x1567-8393 ;vv. 7 aRevision of the author's thesis (Ph. D.)--Indiana University, 2000. aIncludes bibliographical references (p. [245]-282) and indexes. aElectronic reproduction.bPalo Alto, Calif. :cebrary,d2013.nAvailable via World Wide Web.nAccess may be limited to ebrary affiliated libraries. aText in English and Latin. 0aOpticsvEarly works to 1800. 0aRefraction, AstronomicalvEarly works to 1800. 0aScience, MedievalvEarly works to 1800. 7aElectronic books.2local1 aBurton, Dan.2 aebrary, Inc. 0aHistory of science and medicine library.pMedieval and early modern science ;vv. 7.40uhttp://site.ebrary.com/lib/rucke/Doc?id=10234936zAn electronic book accessible through the World Wide Web; click to view c38600d38600